[Event "17. Obert Int. Sant Marti 2015 - B"]
[Site "Barcelona ESP"]
[Date "2015.07.13"]
[Round "1.69"]
[White "Ferres Saez, Joan"]
[Black "Tordera Jumilla, Joaquim"]
[Result "1-0"]
[WhiteElo "1901"]
[BlackElo "1545"]
[PlyCount "105"]
[EventDate "2015.07.13"]
[EventType "swiss"]
[EventRounds "9"]
[EventCountry "ESP"]
[SourceTitle "Ajedrez en Madrid"]
[Source "lmi"]
[SourceDate "2015.07.13"]
[SourceVersion "1"]
[SourceVersionDate "2019.06.21"]
[SourceQuality "1"]

1. e4 e5 2. Nf3 Nc6 3. d4 d6 4. dxe5 Bg4 5. Be2 Qe7 6. exd6 Qxe4 7. Nc3 Qe6 8.
O-O Bxd6 9. Nb5 O-O-O 10. Nxd6+ Rxd6 11. Qe1 Bxf3 12. Bxf3 Qxe1 13. Rxe1 Nf6
14. Bf4 Rd7 15. c3 Nd5 16. Bg3 Kb8 17. Rad1 Rhd8 18. Rd3 f5 19. Red1 Nce7 20.
c4 f4 21. Bh4 Nf6 22. Rxd7 Rxd7 23. Rxd7 Nxd7 24. Bxe7 Ne5 25. Be2 b6 26. Bg5
f3 27. gxf3 h6 28. Be3 g5 29. Bd4 Nf7 30. Bd3 c5 31. Bg7 h5 32. Bg6 Nd6 33. Be5
Kc7 34. Bxh5 Kc6 35. Bxd6 Kxd6 36. f4 gxf4 37. Kf1 Ke5 38. Ke2 Kd4 39. Bf7 Ke4
40. h4 Kf5 41. h5 Kg5 42. Kf3 a6 43. a4 a5 44. Ke4 Kf6 45. Bg6 Kg5 46. f3 Kh6
47. Kxf4 Kg7 48. Kg5 b5 49. h6+ Kh8 50. axb5 a4 51. b6 a3 52. b7 axb2 53. b8=Q#
1-0

[Event "17. Obert Int. Sant Marti 2015 - B"]
[Site "Barcelona ESP"]
[Date "2015.07.13"]
[Round "1.70"]
[White "Minko, Uliana"]
[Black "Torralba Brosa, Marc"]
[Result "0-1"]
[WhiteElo "1270"]
[BlackElo "1900"]
[PlyCount "58"]
[EventDate "2015.07.13"]
[EventType "swiss"]
[EventRounds "9"]
[EventCountry "ESP"]
[SourceTitle "Ajedrez en Madrid"]
[Source "lmi"]
[SourceDate "2015.07.13"]
[SourceVersion "1"]
[SourceVersionDate "2019.06.21"]
[SourceQuality "1"]

1. c4 Nf6 2. g3 g6 3. Bg2 Bg7 4. Nc3 O-O 5. Nf3 d6 6. O-O e5 7. d3 Nc6 8. Bd2
Bg4 9. Re1 Qd7 10. Rb1 a5 11. a3 Rfe8 12. Ng5 h6 13. Nge4 Nxe4 14. Nxe4 Kh7 15.
h3 Bxh3 16. Bh1 f5 17. Nc3 f4 18. Ne4 fxg3 19. Nxg3 Rf8 20. Be3 Nd4 21. b4 Nf5
22. Bd2 axb4 23. axb4 Nxg3 24. fxg3 Qg4 25. Bf3 Qxg3+ 26. Kh1 e4 27. Bxe4 Rf2
28. Bxg6+ Kxg6 29. Rg1 Rh2# 0-1

[Event "17. Obert Int. Sant Marti 2015 - B"]
[Site "Barcelona ESP"]
[Date "2015.07.14"]
[Round "2.1"]
[White "Pera Muntasell, Marc"]
[Black "Humanes Bespin, Ivan"]
[Result "0-1"]
[WhiteElo "1958"]
[BlackElo "2049"]
[PlyCount "72"]
[EventDate "2015.07.13"]
[EventType "swiss"]
[EventRounds "9"]
[EventCountry "ESP"]
[SourceTitle "Ajedrez en Madrid"]
[Source "lmi"]
[SourceDate "2015.07.13"]
[SourceVersion "1"]
[SourceVersionDate "2019.06.21"]
[SourceQuality "1"]

1. e4 Nf6 2. e5 Nd5 3. d4 d6 4. c4 Nb6 5. exd6 cxd6 6. b3 g6 7. Bb2 Bg7 8. Nf3
O-O 9. Be2 Nc6 10. O-O Bf5 11. Re1 e5 12. Bd3 Bg4 13. Nbd2 Nxd4 14. Bxd4 exd4
15. h3 Bd7 16. Rc1 Rc8 17. Be4 Bc6 18. Qe2 d5 19. cxd5 Nxd5 20. Bxd5 Qxd5 21.
Qd3 Rfe8 22. Nc4 Bb5 23. Rxe8+ Rxe8 24. Qd2 Bxc4 25. Rxc4 Rd8 26. Rc7 h6 27.
Qb4 d3 28. Qe7 Bf8 29. Qf6 Rd6 30. Qf4 Bg7 31. Rc8+ Rd8 32. Rc7 Rd7 33. Rc8+
Kh7 34. Nd2 Re7 35. Qb8 Re1+ 36. Kh2 Be5+ 0-1

[Event "17. Obert Int. Sant Marti 2015 - B"]
[Site "Barcelona ESP"]
[Date "2015.07.14"]
[Round "2.2"]
[White "Garcia Ruiz, Adrian"]
[Black "Llige Porta, Joan"]
[Result "1-0"]
[WhiteElo "2044"]
[BlackElo "1959"]
[PlyCount "49"]
[EventDate "2015.07.13"]
[EventType "swiss"]
[EventRounds "9"]
[EventCountry "ESP"]
[SourceTitle "Ajedrez en Madrid"]
[Source "lmi"]
[SourceDate "2015.07.13"]
[SourceVersion "1"]
[SourceVersionDate "2019.06.21"]
[SourceQuality "1"]

1. e4 c5 2. Nf3 Nc6 3. d4 cxd4 4. Nxd4 g6 5. Nc3 Bg7 6. Be3 d6 7. Bc4 Nf6 8. f3
Bd7 9. Qd2 Rc8 10. Bb3 a6 11. O-O-O Nxd4 12. Bxd4 O-O 13. h4 h5 14. Kb1 b5 15.
Nd5 Nxd5 16. Bxg7 Kxg7 17. exd5 Bf5 18. Qd4+ Kh7 19. g4 Bd7 20. gxh5 gxh5 21.
Rdg1 Rg8 22. Rxg8 Qxg8 23. Rg1 Qh8 24. Qe4+ f5 25. Qxe7+ 1-0

[Event "17. Obert Int. Sant Marti 2015 - B"]
[Site "Barcelona ESP"]
[Date "2015.07.14"]
[Round "2.3"]
[White "Serra Vilaro, Agusti"]
[Black "De La Fuente  Clemente, Constantino"]
[Result "1-0"]
[WhiteElo "1953"]
[BlackElo "2043"]
[PlyCount "51"]
[EventDate "2015.07.13"]
[EventType "swiss"]
[EventRounds "9"]
[EventCountry "ESP"]
[SourceTitle "Ajedrez en Madrid"]
[Source "lmi"]
[SourceDate "2015.07.13"]
[SourceVersion "1"]
[SourceVersionDate "2019.06.21"]
[SourceQuality "1"]

1. d4 Nf6 2. c3 d5 3. Nd2 Bf5 4. Qb3 Qc8 5. e3 Nbd7 6. f4 c5 7. Be2 e6 8. Ndf3
Be7 9. Ne5 Nxe5 10. fxe5 Nd7 11. Nf3 O-O 12. O-O f6 13. c4 fxe5 14. cxd5 cxd4
15. exd4 e4 16. Ng5 Nb6 17. Nxe6 Rf6 18. Bg5 Bxe6 19. dxe6 Rxf1+ 20. Rxf1 Qd8
21. Bxe7 Qxe7 22. Rf7 Qd6 23. Rf2 Qxd4 24. e7+ Kh8 25. Qc3 Qxc3 26. Rf8+ 1-0

[Event "17. Obert Int. Sant Marti 2015 - B"]
[Site "Barcelona ESP"]
[Date "2015.07.14"]
[Round "2.4"]
[White "Ros Montes, Daniel"]
[Black "Willen, Ronny"]
[Result "1/2-1/2"]
[WhiteElo "2039"]
[BlackElo "1950"]
[PlyCount "46"]
[EventDate "2015.07.13"]
[EventType "swiss"]
[EventRounds "9"]
[EventCountry "ESP"]
[SourceTitle "Ajedrez en Madrid"]
[Source "lmi"]
[SourceDate "2015.07.13"]
[SourceVersion "1"]
[SourceVersionDate "2019.06.21"]
[SourceQuality "1"]

1. c4 e5 2. g3 g6 3. Bg2 Bg7 4. Nc3 Nc6 5. Nf3 d6 6. O-O Nf6 7. d3 h6 8. Rb1
O-O 9. b4 Nh5 10. b5 Ne7 11. a4 f5 12. Qb3 Kh7 13. Ba3 Be6 14. Ne1 Rb8 15. Nc2
Qd7 16. Ne3 f4 17. Ned5 Nxd5 18. cxd5 Bh3 19. Ne4 g5 20. Qc2 Kh8 21. Bxh3 Qxh3
22. Qxc7 g4 23. Qd7 Rbd8 1/2-1/2

[Event "17. Obert Int. Sant Marti 2015 - B"]
[Site "Barcelona ESP"]
[Date "2015.07.14"]
[Round "2.5"]
[White "Gonzalez Alonso, Marti"]
[Black "Nadal Fajardo, Ricard"]
[Result "0-1"]
[WhiteElo "1949"]
[BlackElo "2037"]
[PlyCount "86"]
[EventDate "2015.07.13"]
[EventType "swiss"]
[EventRounds "9"]
[EventCountry "ESP"]
[SourceTitle "Ajedrez en Madrid"]
[Source "lmi"]
[SourceDate "2015.07.13"]
[SourceVersion "1"]
[SourceVersionDate "2019.06.21"]
[SourceQuality "1"]

1. e4 c6 2. d4 d5 3. Nc3 dxe4 4. Nxe4 Bf5 5. Ng3 Bg6 6. Nf3 Nd7 7. Bc4 e6 8.
O-O Ngf6 9. Re1 Be7 10. Bg5 O-O 11. Qe2 Nd5 12. Bxe7 Qxe7 13. c3 a5 14. Ne5
Nxe5 15. Qxe5 Rad8 16. f4 Qf6 17. Bxd5 Rxd5 18. Qxf6 gxf6 19. Ne4 Bxe4 20. Rxe4
Rfd8 21. Rae1 c5 22. dxc5 Rxc5 23. Kf2 b5 24. Rd4 Rxd4 25. cxd4 Rc4 26. Ke3 Kf8
27. Re2 Ke7 28. Ke4 Kd6 29. Rd2 f5+ 30. Ke3 Kd5 31. g3 b4 32. h3 h5 33. h4 f6
34. Rd3 Rc2 35. Rb3 Kc4 36. d5 exd5 37. Kf3 d4 38. g4 a4 39. gxh5 axb3 40. h6
bxa2 41. h7 a1=Q 42. h8=Q Qf1+ 43. Kg3 Qg2# 0-1

[Event "17. Obert Int. Sant Marti 2015 - B"]
[Site "Barcelona ESP"]
[Date "2015.07.14"]
[Round "2.6"]
[White "Centelles Vivas, Aleix"]
[Black "Sanchez Esteban, Emilio"]
[Result "1-0"]
[WhiteElo "2034"]
[BlackElo "1947"]
[PlyCount "107"]
[EventDate "2015.07.13"]
[EventType "swiss"]
[EventRounds "9"]
[EventCountry "ESP"]
[SourceTitle "Ajedrez en Madrid"]
[Source "lmi"]
[SourceDate "2015.07.13"]
[SourceVersion "1"]
[SourceVersionDate "2019.06.21"]
[SourceQuality "1"]

1. d4 d5 2. c4 e6 3. Nc3 Nf6 4. Bg5 Nbd7 5. e3 c6 6. cxd5 exd5 7. Bd3 Be7 8.
Nge2 Ne4 9. Bxe7 Qxe7 10. Bxe4 dxe4 11. Ng3 Nf6 12. Qc2 O-O 13. Ngxe4 Re8 14.
Nxf6+ Qxf6 15. O-O Qg5 16. e4 Qf6 17. d5 Bg4 18. f3 Bh5 19. Rac1 Rad8 20. Qa4
b5 21. Qxa7 b4 22. Nd1 cxd5 23. Qc5 Qd6 24. Ne3 Qxc5 25. Rxc5 d4 26. Nd5 f5 27.
Nxb4 d3 28. Rxf5 Bf7 29. Rc5 d2 30. Rd1 Rd4 31. Nc6 Rd6 32. Rc2 Ree6 33. Rdxd2
Be8 34. Rxd6 Rxd6 35. Ne7+ Kf8 36. Nd5 Kf7 37. b4 Bc6 38. Rc5 Bxd5 39. Rxd5 Ra6
40. Rd2 Ra4 41. Rb2 Ke6 42. b5 Kd7 43. b6 Kc8 44. b7+ Kb8 45. g3 g5 46. Kf2 g4
47. e5 gxf3 48. Kxf3 Ra3+ 49. Kf4 h5 50. e6 Ra4+ 51. Kf5 Rg4 52. e7 Rg8 53. Kf6
Kc7 54. b8=Q+ 1-0

[Event "17. Obert Int. Sant Marti 2015 - B"]
[Site "Barcelona ESP"]
[Date "2015.07.14"]
[Round "2.7"]
[White "Domenche Redondo, Francesc"]
[Black "Pla Carulla, Joaquim"]
[Result "1/2-1/2"]
[WhiteElo "1947"]
[BlackElo "2034"]
[PlyCount "65"]
[EventDate "2015.07.13"]
[EventType "swiss"]
[EventRounds "9"]
[EventCountry "ESP"]
[SourceTitle "Ajedrez en Madrid"]
[Source "lmi"]
[SourceDate "2015.07.13"]
[SourceVersion "1"]
[SourceVersionDate "2019.06.21"]
[SourceQuality "1"]

1. d4 Nf6 2. Nf3 g6 3. e3 Bg7 4. Bd3 d6 5. b3 O-O 6. Bb2 Nbd7 7. Nbd2 c5 8. c3
b6 9. O-O e5 10. dxe5 dxe5 11. c4 Qc7 12. Qc2 Bb7 13. Rfe1 Rfe8 14. e4 Rad8 15.
Rad1 Nh5 16. g3 Nf8 17. Nb1 Ne6 18. Nc3 Nd4 19. Nxd4 exd4 20. Nd5 Qd6 21. Bc1
Bc8 22. Bg5 f6 23. Bc1 Bg4 24. Be2 Bxe2 25. Rxe2 Qd7 26. Rde1 Qh3 27. Qd3 Bf8
28. Qf3 Kg7 29. Qg2 Qxg2+ 30. Kxg2 Kf7 31. Nc7 Re7 32. Nd5 Ree8 33. Nc7 1/2-1/2

[Event "17. Obert Int. Sant Marti 2015 - B"]
[Site "Barcelona ESP"]
[Date "2015.07.14"]
[Round "2.8"]
[White "Molina Hernandez, Albert"]
[Black "Ayza Casamitjana, Antoni"]
[Result "1-0"]
[WhiteElo "2033"]
[BlackElo "1945"]
[PlyCount "55"]
[EventDate "2015.07.13"]
[EventType "swiss"]
[EventRounds "9"]
[EventCountry "ESP"]
[SourceTitle "Ajedrez en Madrid"]
[Source "lmi"]
[SourceDate "2015.07.13"]
[SourceVersion "1"]
[SourceVersionDate "2019.06.21"]
[SourceQuality "1"]

1. d4 Nf6 2. Nf3 c6 3. c4 g6 4. Nc3 Bg7 5. e4 d6 6. Be2 O-O 7. O-O Nbd7 8. Be3
e5 9. Qd2 Ng4 10. h3 Nxe3 11. fxe3 Qc7 12. d5 Nf6 13. Rfd1 c5 14. Rab1 a6 15.
Qc2 Nh5 16. g4 Ng3 17. Kh2 Nxe2 18. Nxe2 f5 19. gxf5 gxf5 20. Rg1 fxe4 21. Ng5
Bf5 22. Ng3 h6 23. Nxf5 hxg5 24. Rxg5 Rxf5 25. Rxf5 Re8 26. Rbf1 b5 27. Qg2 Kh7
28. Rf7 1-0

[Event "17. Obert Int. Sant Marti 2015 - B"]
[Site "Barcelona ESP"]
[Date "2015.07.14"]
[Round "2.10"]
[White "Madrid Sole, Antonio"]
[Black "Valbuena Castro, Gregorio"]
[Result "1-0"]
[WhiteElo "2031"]
[BlackElo "1944"]
[PlyCount "67"]
[EventDate "2015.07.13"]
[EventType "swiss"]
[EventRounds "9"]
[EventCountry "ESP"]
[SourceTitle "Ajedrez en Madrid"]
[Source "lmi"]
[SourceDate "2015.07.13"]
[SourceVersion "1"]
[SourceVersionDate "2019.06.21"]
[SourceQuality "1"]

1. d4 c5 2. e3 d5 3. c3 Nf6 4. Nf3 Nc6 5. Nbd2 Bg4 6. Qc2 e6 7. Be2 Bd6 8. dxc5
Bxc5 9. O-O O-O 10. h3 Bh5 11. Nb3 Bb6 12. Nfd4 Bg6 13. Bd3 Ne4 14. Nd2 Nxd4
15. exd4 f5 16. Nf3 f4 17. Ne5 Bf5 18. f3 Ng3 19. Bxf5 Rxf5 20. Re1 Rc8 21. Qd3
Qh4 22. Bd2 Bc7 23. Nd7 Re8 24. Qb5 Qd8 25. Nc5 e5 26. Nxb7 Qa8 27. Qxd5+ Kh8
28. Qd7 Rb8 29. Qxc7 Rxb7 30. Qc6 Qb8 31. b3 Rb6 32. Qa4 h6 33. dxe5 Rxe5 34.
Bxf4 1-0

[Event "17. Obert Int. Sant Marti 2015 - B"]
[Site "Barcelona ESP"]
[Date "2015.07.14"]
[Round "2.11"]
[White "Gonzalez Moreno, Antoni"]
[Black "Perez Garcia, Jose Miguel"]
[Result "0-1"]
[WhiteElo "1945"]
[BlackElo "2028"]
[PlyCount "96"]
[EventDate "2015.07.13"]
[EventType "swiss"]
[EventRounds "9"]
[EventCountry "ESP"]
[SourceTitle "Ajedrez en Madrid"]
[Source "lmi"]
[SourceDate "2015.07.13"]
[SourceVersion "1"]
[SourceVersionDate "2019.06.21"]
[SourceQuality "1"]

1. c4 c5 2. Nc3 Nc6 3. g3 g6 4. Bg2 Bg7 5. e3 Nf6 6. Nge2 O-O 7. O-O d6 8. a3
Bd7 9. d3 Rb8 10. Rb1 a5 11. b3 Ne8 12. Bb2 Nc7 13. Qd2 b5 14. cxb5 Nxb5 15.
Nxb5 Rxb5 16. Bxg7 Kxg7 17. Qc3+ Kg8 18. Rfd1 Qb6 19. d4 cxd4 20. Nxd4 Nxd4 21.
Rxd4 Rc8 22. Qd3 Bf5 23. Be4 Bh3 24. f4 Rbc5 25. Rc4 e6 26. Bg2 Bf5 27. Be4
Rxc4 28. bxc4 Bxe4 29. Qxe4 Qc5 30. Qd3 Qxc4 31. Qxd6 Qe4 32. Re1 Rc2 33. Qd8+
Kg7 34. Qd4+ Qxd4 35. exd4 Rd2 36. Re5 a4 37. Ra5 Rxd4 38. Kf1 Rc4 39. Kg2 h6
40. h4 Kf6 41. Kh3 Ke7 42. Kg4 Rd4 43. h5 g5 44. Kf3 gxf4 45. gxf4 Rd3+ 46. Ke4
Rxa3 47. Ke5 Re3+ 48. Kd4 Rh3 0-1

[Event "17. Obert Int. Sant Marti 2015 - B"]
[Site "Barcelona ESP"]
[Date "2015.07.14"]
[Round "2.12"]
[White "Walter Travella, German"]
[Black "Padilla Carmona, Francesc"]
[Result "1/2-1/2"]
[WhiteElo "2028"]
[BlackElo "1937"]
[PlyCount "132"]
[EventDate "2015.07.13"]
[EventType "swiss"]
[EventRounds "9"]
[EventCountry "ESP"]
[SourceTitle "Ajedrez en Madrid"]
[Source "lmi"]
[SourceDate "2015.07.13"]
[SourceVersion "1"]
[SourceVersionDate "2019.06.21"]
[SourceQuality "1"]

1. c4 e5 2. Nc3 Nc6 3. Nf3 Nf6 4. g3 Bb4 5. Bg2 Bxc3 6. bxc3 d6 7. Rb1 O-O 8.
O-O h6 9. d4 Rb8 10. d5 Na5 11. Qa4 c5 12. dxc6 Nxc6 13. Nd2 Bd7 14. Ba3 Qc7
15. Qc2 Rfd8 16. e4 Na5 17. Rfd1 Be6 18. Bf1 Ne8 19. Qa4 b6 20. Bc1 Rbc8 21.
Rb4 Bg4 22. Re1 Bd7 23. Qc2 Nc6 24. Rb1 Na5 25. Be2 Nf6 26. Ba3 Nb7 27. f4 Nc5
28. fxe5 dxe5 29. Kg2 Qc6 30. Bxc5 Qxc5 31. Nb3 Qc6 32. Rbd1 Qe6 33. Rd2 Qh3+
34. Kg1 Bg4 35. Bf1 Qh5 36. Rxd8+ Rxd8 37. c5 Bd1 38. Qf2 Bf3 39. Be2 Bxe2 40.
Qxe2 Qxe2 41. Rxe2 bxc5 42. Nxc5 Rc8 43. Nd3 Rxc3 44. Nxe5 Rc7 45. Nf3 Nd7 46.
Kf2 f6 47. Nd4 Ne5 48. h3 a6 49. Rc2 Rxc2+ 50. Nxc2 Kf7 51. Ke3 Ke6 52. Nd4+
Kf7 53. Nb3 Nc6 54. Kd2 Ke7 55. Kc3 Kd6 56. Kc4 Nb8 57. Nd4 g6 58. h4 Nc6 59.
Nf3 Ne5+ 60. Nxe5 fxe5 61. g4 Kc6 62. a3 Kd6 63. Kb4 Kc6 64. Ka5 Kb7 65. a4 Ka7
66. Kb4 Kb6 1/2-1/2

[Event "17. Obert Int. Sant Marti 2015 - B"]
[Site "Barcelona ESP"]
[Date "2015.07.14"]
[Round "2.13"]
[White "Muratet Carmona, Julia"]
[Black "Poyato Ruiz, Fernando"]
[Result "1-0"]
[WhiteElo "1942"]
[BlackElo "2024"]
[PlyCount "71"]
[EventDate "2015.07.13"]
[EventType "swiss"]
[EventRounds "9"]
[EventCountry "ESP"]
[SourceTitle "Ajedrez en Madrid"]
[Source "lmi"]
[SourceDate "2015.07.13"]
[SourceVersion "1"]
[SourceVersionDate "2019.06.21"]
[SourceQuality "1"]

1. e4 e6 2. d4 d5 3. Nc3 Nf6 4. e5 Nfd7 5. f4 c5 6. Nf3 Nc6 7. Be3 a6 8. Be2
Be7 9. O-O O-O 10. Qe1 b5 11. Qf2 cxd4 12. Nxd4 Qc7 13. Qg3 Nxd4 14. Bxd4 b4
15. Nd1 f5 16. Ne3 Nc5 17. Bf3 Bb7 18. h4 Ne4 19. Bxe4 dxe4 20. c3 Bc5 21. Rac1
Bxd4 22. cxd4 Qb6 23. Rc5 Qd8 24. Rfc1 Rf7 25. R1c4 a5 26. Qg5 Qb6 27. Rc1 h6
28. Qg6 Qd8 29. Rd1 Rc8 30. Qxe6 Kf8 31. Qd6+ Qxd6 32. exd6 Rxc5 33. dxc5 Ke8
34. Nc4 a4 35. Ne5 Rf8 36. c6 1-0

[Event "17. Obert Int. Sant Marti 2015 - B"]
[Site "Barcelona ESP"]
[Date "2015.07.14"]
[Round "2.14"]
[White "Salazar Navas, Josep"]
[Black "Rius Riu, Gerard"]
[Result "0-1"]
[WhiteElo "2024"]
[BlackElo "1936"]
[PlyCount "156"]
[EventDate "2015.07.13"]
[EventType "swiss"]
[EventRounds "9"]
[EventCountry "ESP"]
[SourceTitle "Ajedrez en Madrid"]
[Source "lmi"]
[SourceDate "2015.07.13"]
[SourceVersion "1"]
[SourceVersionDate "2019.06.21"]
[SourceQuality "1"]

1. e4 c6 2. d4 d5 3. exd5 cxd5 4. c4 Nf6 5. Nc3 g6 6. c5 Bg7 7. Bb5+ Bd7 8. Qb3
Bxb5 9. Qxb5+ Qd7 10. Nf3 Nc6 11. O-O O-O 12. Be3 Ne8 13. Rad1 Nc7 14. Qa4 Rfd8
15. b4 e5 16. b5 Nxd4 17. Nxd4 exd4 18. Bxd4 Bxd4 19. Rxd4 a6 20. c6 bxc6 21.
bxc6 Qe6 22. Rb4 Nb5 23. Nxb5 axb5 24. Qxb5 Rxa2 25. c7 Rc8 26. Qb8 Kg7 27. h3
Rc2 28. Rb6 Qd7 29. Rd6 Qxd6 30. Qxc8 Rxc7 31. Qa8 d4 32. Rd1 d3 33. Qa1+ f6
34. Rd2 Rc2 35. Qa7+ Kh6 36. Qe3+ Kg7 37. Qa7+ Rc7 38. Qa1 Qd7 39. Qb2 Rc5 40.
Qb1 Rc3 41. Qb2 Qc7 42. Rd1 Rc2 43. Qb4 Rc1 44. Rxc1 Qxc1+ 45. Kh2 Qc7+ 46. g3
Qd7 47. Qd2 Qd4 48. Kg2 Kf7 49. Qa2+ Kg7 50. Qd2 Qc4 51. Qe3 Qd5+ 52. Kg1 Qd7
53. Qd2 Qd4 54. Kg2 Qd5+ 55. Kg1 Qe4 56. Qa5 Qe7 57. Qc3 Qd7 58. Qd2 Kf7 59.
Qa2+ Ke7 60. Qa3+ Ke8 61. Qa8+ Qd8 62. Qe4+ Kf7 63. Qb7+ Kg8 64. Qb3+ Kg7 65.
Qb7+ Kh6 66. Qf3 d2 67. Qd1 Qd3 68. g4 Kg7 69. h4 Kf8 70. Kg2 Ke7 71. f3 Kd6
72. Kf2 Kd5 73. h5 g5 74. f4 gxf4 75. g5 Qg3+ 76. Ke2 Qe1+ 77. Qxe1 dxe1=Q+ 78.
Kxe1 fxg5 0-1

[Event "17. Obert Int. Sant Marti 2015 - B"]
[Site "Barcelona ESP"]
[Date "2015.07.14"]
[Round "2.15"]
[White "Llopis Jordan, Lluis"]
[Black "Carrey Abellan, Enric"]
[Result "1/2-1/2"]
[WhiteElo "1936"]
[BlackElo "2022"]
[PlyCount "104"]
[EventDate "2015.07.13"]
[EventType "swiss"]
[EventRounds "9"]
[EventCountry "ESP"]
[SourceTitle "Ajedrez en Madrid"]
[Source "lmi"]
[SourceDate "2015.07.13"]
[SourceVersion "1"]
[SourceVersionDate "2019.06.21"]
[SourceQuality "1"]

1. d4 Nf6 2. c4 c5 3. d5 b5 4. e3 bxc4 5. Bxc4 g6 6. Nc3 d6 7. Nf3 Bg4 8. h3
Bxf3 9. Qxf3 Bg7 10. O-O O-O 11. e4 Nbd7 12. Bf4 Qa5 13. a3 Rfb8 14. Rab1 a6
15. Rfe1 Nh5 16. Bh2 Ne5 17. Qe2 Nd7 18. Qd3 Be5 19. Qe3 Rb7 20. Bxe5 Nxe5 21.
Bf1 Rab8 22. Qd2 Nf6 23. f4 Ned7 24. e5 Nh5 25. exd6 exd6 26. Re7 Nhf6 27. Qe2
Qd8 28. g4 Kf8 29. Re3 Nb6 30. Bg2 Re7 31. Re1 Rxe3 32. Qxe3 Qd7 33. Qd3 Qb7
34. Kf2 Nbd7 35. Re2 Re8 36. Rxe8+ Nxe8 37. Qd2 Nb6 38. g5 Nc4 39. Qc2 Qxb2 40.
Qxb2 Nxb2 41. Bf1 Nc7 42. Ke3 c4 43. Kd2 Nb5 44. Nb1 Nc7 45. Nc3 Nb5 46. Nb1
c3+ 47. Nxc3 Nxa3 48. Bxa6 Nbc4+ 49. Bxc4 Nxc4+ 50. Kd3 Nb6 51. Kd4 Ke7 52. Ne4
Nd7 1/2-1/2

[Event "17. Obert Int. Sant Marti 2015 - B"]
[Site "Barcelona ESP"]
[Date "2015.07.14"]
[Round "2.16"]
[White "Martinez Hernandez, Emili"]
[Black "Martinez Ferrer, Rafael"]
[Result "1/2-1/2"]
[WhiteElo "2018"]
[BlackElo "1930"]
[PlyCount "43"]
[EventDate "2015.07.13"]
[EventType "swiss"]
[EventRounds "9"]
[EventCountry "ESP"]
[SourceTitle "Ajedrez en Madrid"]
[Source "lmi"]
[SourceDate "2015.07.13"]
[SourceVersion "1"]
[SourceVersionDate "2019.06.21"]
[SourceQuality "1"]

1. d4 Nf6 2. Nc3 e6 3. e4 d5 4. Bg5 Be7 5. e5 Nfd7 6. Bxe7 Qxe7 7. Nf3 a6 8.
Qd2 c5 9. h4 Nc6 10. Na4 cxd4 11. Nxd4 Ncxe5 12. O-O-O b5 13. Nc3 Bb7 14. Re1
O-O 15. f4 Nc4 16. Bxc4 bxc4 17. f5 e5 18. Nf3 Qd6 19. Ne4 Qc6 20. Ng3 f6 21.
h5 Rf7 22. h6 1/2-1/2

[Event "17. Obert Int. Sant Marti 2015 - B"]
[Site "Barcelona ESP"]
[Date "2015.07.14"]
[Round "2.17"]
[White "Rodriguez Isern, Bernat"]
[Black "Riu Lopez, Sergi"]
[Result "1/2-1/2"]
[WhiteElo "1936"]
[BlackElo "2018"]
[PlyCount "89"]
[EventDate "2015.07.13"]
[EventType "swiss"]
[EventRounds "9"]
[EventCountry "ESP"]
[SourceTitle "Ajedrez en Madrid"]
[Source "lmi"]
[SourceDate "2015.07.13"]
[SourceVersion "1"]
[SourceVersionDate "2019.06.21"]
[SourceQuality "1"]

1. e4 e5 2. Nf3 Nc6 3. Bc4 Bc5 4. O-O Nf6 5. d3 h6 6. Nc3 d6 7. h3 O-O 8. Be3
Bb6 9. Qd2 Be6 10. Bb3 d5 11. Bxb6 axb6 12. exd5 Nxd5 13. Rfe1 f6 14. Nxd5 Bxd5
15. Qe2 Bxb3 16. axb3 Nd4 17. Nxd4 Qxd4 18. c3 Qd5 19. b4 Rxa1 20. Rxa1 Rd8 21.
Ra7 Qxd3 22. Qxd3 Rxd3 23. Rxb7 Rd1+ 24. Kh2 Rd7 25. Kg3 f5 26. Kf3 Kf7 27. c4
Ke6 28. c5 bxc5 29. bxc5 Kd5 30. b4 g5 31. Rb8 Kc4 32. Ke2 e4 33. f3 exf3+ 34.
Kxf3 Rd3+ 35. Ke2 Rb3 36. Rc8 Rxb4 37. Rxc7 Kd5 38. c6 Rc4 39. Rf7 Rxc6 40.
Rxf5+ Ke4 41. Rf3 Rc2+ 42. Kf1 h5 43. Rf8 Ke3 44. Rf3+ Ke4 45. Rf8 1/2-1/2

[Event "17. Obert Int. Sant Marti 2015 - B"]
[Site "Barcelona ESP"]
[Date "2015.07.14"]
[Round "2.18"]
[White "Corominas Garrido, Jordi"]
[Black "Fuentes Barrientos, Carlos"]
[Result "1-0"]
[WhiteElo "2017"]
[BlackElo "1916"]
[PlyCount "91"]
[EventDate "2015.07.13"]
[EventType "swiss"]
[EventRounds "9"]
[EventCountry "ESP"]
[SourceTitle "Ajedrez en Madrid"]
[Source "lmi"]
[SourceDate "2015.07.13"]
[SourceVersion "1"]
[SourceVersionDate "2019.06.21"]
[SourceQuality "1"]

1. c4 e5 2. Nc3 Nf6 3. g3 d5 4. cxd5 Nxd5 5. Bg2 Nxc3 6. bxc3 c6 7. Qb3 Qc7 8.
Ba3 Bxa3 9. Qxa3 Qe7 10. Qxe7+ Kxe7 11. Nf3 f6 12. Rb1 Rd8 13. O-O Na6 14. d4
exd4 15. cxd4 Rb8 16. Rfc1 Be6 17. a3 Bd5 18. e3 Nc7 19. Nd2 Bxg2 20. Kxg2 Ne6
21. Ne4 Rdc8 22. Rb2 Rc7 23. f4 f5 24. Nc3 Rd8 25. Kf3 b6 26. g4 fxg4+ 27. Kxg4
g6 28. Rbc2 Kd7 29. h4 Rf8 30. h5 gxh5+ 31. Kxh5 Rg8 32. Ne4 Rg6 33. Kh4 Ng7
34. Ng3 Ne8 35. f5 Rg7 36. Nh5 Rg8 37. e4 Kd6 38. Rd1 Rf7 39. e5+ Kd5 40. f6 c5
41. dxc5+ Kxe5 42. Re2+ Kf5 43. Rf1+ Kg6 44. Rg2+ Kh6 45. Rxg8 Nc7 46. Ng3 1-0

[Event "17. Obert Int. Sant Marti 2015 - B"]
[Site "Barcelona ESP"]
[Date "2015.07.14"]
[Round "2.19"]
[White "Salvador Muñoz, Josep M|_"]
[Black "Fleming, Andrew S J"]
[Result "0-1"]
[WhiteElo "1936"]
[BlackElo "2012"]
[PlyCount "69"]
[EventDate "2015.07.13"]
[EventType "swiss"]
[EventRounds "9"]
[EventCountry "ESP"]
[SourceTitle "Ajedrez en Madrid"]
[Source "lmi"]
[SourceDate "2015.07.13"]
[SourceVersion "1"]
[SourceVersionDate "2019.06.21"]
[SourceQuality "1"]

1. e4 e6 2. d4 d5 3. e5 c5 4. c3 Bd7 5. Qg4 Nc6 6. Nf3 cxd4 7. Bd3 Qc7 8. Qg3
Nge7 9. O-O h6 10. Re1 O-O-O 11. a3 Kb8 12. cxd4 Na5 13. Nbd2 Ba4 14. Qf4 Nc8
15. b4 Nb3 16. Nxb3 Bxb3 17. Qd2 Nb6 18. Qb2 Bc4 19. Re3 Be7 20. Bd2 g5 21. Ne1
Bxd3 22. Rxd3 Nc4 23. Qc1 f6 24. f4 Qb6 25. Ra2 fxe5 26. fxe5 Nxe5 27. Rc3 Nc4
28. Be3 Bf6 29. Nf3 g4 30. Ne5 Bxe5 31. dxe5 Nxe3 32. Rxe3 Rc8 33. Qd2 Rc4 34.
Kh1 h5 35. Rc2 0-1